| 000 | 00711nam a2200181 i 4500 | ||
|---|---|---|---|
| 001 | 68797 | ||
| 003 | ES-MaACL | ||
| 005 | 20230906170351.0 | ||
| 007 | t| | ||
| 008 | 040709q1905 sp a |||| | spa d | ||
| 100 | 1 |
_aGiner de los Ríos, Hermenegildo. _957125 |
|
| 245 | 1 | 0 |
_aArtes industriales _b: desde el Cristianismo hasta nuestros días : orfebrería, hierros, bronces, armas, mobiliario, marfiles, cerámica, vidrios, tejidos, bordados, encajes, tapices / _cHermenegildo Giner de los Ríos. |
| 260 |
_aBarcelona : _bAntonio López, _c[ca. 1905] |
||
| 300 |
_aXIII, 231 p. : _bil. ; _c19 cm. |
||
| 650 | 0 | 4 |
_aArtes decorativas- _vHistoria. _910340 |
| 852 |
_aES-MaACL _jF-3165 |
||
| 852 |
_aES-MaACL _jC-2973 |
||
| 999 |
_c68797 _d68797 |
||